000 00513nam a22001691a 4500
001 18730
003 OSt
005 20260204212420.0
008 180524s2012||||ck ||||||b||||||||||spa||
082 _a526.9 P977p
100 _aPuerto Suárez,Julián David
245 _aProblemas resueltos y guías de práctica para el estudio de la topografía altimétrica/Julián David Puerto Suárez
264 _aBogotá:Universidad de la Salle
300 _a71
650 _aTopografía 2.AltimetríaÌ
942 _2ddc
_cBK
999 _c18730
_d18730